000 00309nam a2200109Ia 4500
008 200302s9999 xx 000 0 und d
100 _aRandall Whitehead
245 _aThe Art of Outdoor Lighting Landscapes with the Beauty of Lighting
260 _bRockport Publishers Inc.
260 _c1999
300 _a192 P.,
999 _c2123
_d2123